000 01691nam a2200337 a 4500
001 BRCA_3034
005 20190320204058.0
008 210109s1768----gw-a---###---#000-0#fre-u
041 _afre
044 _agw
084 _a345
_b.A75
_c1768
100 1 _aCervantes Saavedra, Miguel de
_d1547-1616
_9213
245 1 0 _aHistoire de L´Admirable Don Quichotte de la Manche
_cMiguel de Cervantes Saavedra.
260 _aAmsterdam : Leipzig
_bArkstée et Merkus
_c1768
300 _a6 v.
_bil.
_c17 cm.
440 0 _aOeuvres diverses de Michel de Cervantes Saavedra
_nIII-VIII
_98334
500 _aContenido : v 1. Primera parte. Aviso de los libreros. Advertencia del traductor. Texto. -- v 2. Texto. -- v 3. Segunda parte. Texto. -- v 4. Texto. -- v 5. Primera parte de la continuación por el traductor. -- v 6. Segunda parte de la continuación por el traductor
500 _aEdición : Enrichie des belles figures dessinées de Coypel et gravées par Folkema et Fokke
500 _aEjemplar similar al anterior, pero de menor tamaño, sin el retrato de Cervantes y de impresión inferior. Piel; lomeras decoradas con dorados Lúdovik Osterk
500 _aQM269
546 _aTexto en : francés
650 1 4 _aNovela española
_yÉpoca clásica, 1500-1700
_9215
650 1 4 _aLiteratura española
_yÉpoca clásica, 1500-1700
_9216
650 1 4 _aNovela española
_ySiglo XVII
_9217
650 1 4 _aDon Quijote (Personaje ficticio)
_eNovela
_9218
700 1 _aSaint-Martin, Francois Filleau de
_d1632-1695
_eTraductor
_98335
700 1 _aCoypel, Charles-Antone
_d1694-1752
_eIlustrador
_98336
740 0 _aEl Ingenioso Hidalgo Don Quijote de la Mancha
902 _aQFM
942 _2lcc
_cB
999 _c2770
_d2770